| 000 -LEADER |
| fixed length control field |
00896cam a2200289 i 4500 |
| 003 - CONTROL NUMBER IDENTIFIER |
| control field |
OSt |
| 005 - DATE AND TIME OF LATEST TRANSACTION |
| control field |
20220315165006.0 |
| 008 - FIXED-LENGTH DATA ELEMENTS--GENERAL INFORMATION |
| fixed length control field |
211102s2021 ii a 000 0 eng d |
| 020 ## - INTERNATIONAL STANDARD BOOK NUMBER |
| International Standard Book Number |
9789354190742 |
| Qualifying information |
(hardback) |
| 020 ## - INTERNATIONAL STANDARD BOOK NUMBER |
| International Standard Book Number |
935419074X |
| 037 ## - SOURCE OF ACQUISITION |
| Source of stock number/acquisition |
Library of Congress -- New Delhi Overseas Office |
| 042 ## - AUTHENTICATION CODE |
| Authentication code |
lccopycat |
| -- |
lcode |
| 050 00 - LIBRARY OF CONGRESS CALL NUMBER |
| Classification number |
PR9499.4.B466 |
| Item number |
W36 2021 |
| 082 04 - DEWEY DECIMAL CLASSIFICATION NUMBER |
| Classification number |
821.91 |
| Edition number |
23 |
| 100 1# - MAIN ENTRY--PERSONAL NAME |
| Personal name |
Beri, Shirish, |
| Relator term |
author. |
| 245 10 - TITLE STATEMENT |
| Title |
Wanderings and ponderings / |
| Statement of responsibility, etc |
Shirish Beri. |
| 300 ## - PHYSICAL DESCRIPTION |
| Extent |
272 pages : |
| Other physical details |
illustrations (black and white, and colour) ; |
| Dimensions |
21 cm |
| 600 10 - SUBJECT ADDED ENTRY--PERSONAL NAME |
| Personal name |
Beri, Shirish |
| General subdivision |
Travel |
| Form subdivision |
Poetry. |
| 650 #0 - SUBJECT ADDED ENTRY--TOPICAL TERM |
| Topical term or geographic name as entry element |
Voyages and travels |
| Form subdivision |
Poetry. |
| 650 #0 - SUBJECT ADDED ENTRY--TOPICAL TERM |
| Topical term or geographic name as entry element |
Architecture |
| Form subdivision |
Poetry. |
| 650 #7 - SUBJECT ADDED ENTRY--TOPICAL TERM |
| Topical term or geographic name as entry element |
Architecture. |
| Source of heading or term |
fast |
| 650 #7 - SUBJECT ADDED ENTRY--TOPICAL TERM |
| Topical term or geographic name as entry element |
Travel. |
| Source of heading or term |
fast |
| 650 #7 - SUBJECT ADDED ENTRY--TOPICAL TERM |
| Topical term or geographic name as entry element |
Voyages and travels. |
| Source of heading or term |
fast |
| 655 #0 - INDEX TERM--GENRE/FORM |
| Genre/form data or focus term |
Indic poetry (English) |
| 655 #7 - INDEX TERM--GENRE/FORM |
| Genre/form data or focus term |
Poetry. |
| Source of term |
fast |
| 942 ## - ADDED ENTRY ELEMENTS (KOHA) |
| Source of classification or shelving scheme |
|